| 000 | 00714cam a2200241 a 4500 | ||
|---|---|---|---|
| 001 | 13398230 | ||
| 005 | 20171228070657.0 | ||
| 008 | 031107s2003 mnu 001 0 eng | ||
| 010 | _a 2003283173 | ||
| 020 | _a031414644X | ||
| 040 |
_aDLC _cDLC _dDLC |
||
| 041 | _aeng | ||
| 043 | _an-us--- | ||
| 080 | _a340.071173 HEG | ||
| 082 | 0 | 4 |
_a340.071173 HEG _221 |
| 100 | 1 | _a14 | |
| 101 | _aJUR | ||
| 245 | 1 | 0 |
_aIntroduction to the study and practice of law in a nutshell / _cby Kenney Hegland. |
| 246 | 1 | 8 | _aStudy and practice of law |
| 906 |
_a7 _bcbc _corigcop _d2 _encip _f20 _gy-gencatlg |
||
| 942 |
_2ddc _cBK |
||
| 999 |
_c39570 _d39570 |
||